000 00615nam a2200217 i 4500
001 139713
003 ES-MaACL
005 20230906195901.0
007 t|
008 070214s1952 sp |||| | spa d
100 1 _aSaz, Agustín del.
_9104111
245 1 0 _aNovelistas españoles /
_cAgustín del Saz.
250 _a1ª ed.
260 _aBarcelona :
_bArgos,
_c1952.
300 _a57 p., [8] p. de lám. ;
_c23 cm.
490 1 _aEsto es España
650 0 4 _aNovela española-
_xHistoria y crítica.
_915611
830 0 _aEsto es España
_9184394
852 _aES-MaACL
_jD-8605
999 _c139713
_d139713